Návrh a realizácia informačného systému firmy z oblasti 3D tlače

Saved in:
Bibliographic Details
Main Author: Pavliková, Ivana (Author)
Other Authors: Juhás, Martin (Thesis advisor)
Format: Manuscript Book
Language:Slovak
Published: 2022
Subjects:
Online Access:http://is.stuba.sk/zp/portal_zp.pl?podrobnosti=166030
Tags: Add Tag
No Tags, Be the first to tag this record!

MARC

LEADER 00000ntm a22000003a 4500
001 stuzp88920
003 SK-STU
005 20220702211251.0
007 ta
008 150427s2015----xo-----f-mn---000-0-slo-d
040 |a STU  |b slo 
041 0 |a slo 
100 1 |a Pavliková, Ivana  |u 066000  |4 aut  |U MTF Materiálovotechnologická fakulta  |T MTF Ústav aplikovanej informatiky, automatizácie a mechatroniky  |X 112623  |U M6000  |Y 86  |7 112623 
242 0 1 |a Design and implementation of an information system for company in the field of 3D printing  |y eng 
245 1 0 |a Návrh a realizácia informačného systému firmy z oblasti 3D tlače 
260 |c 2022 
650 4 |a Databáza  |2 slo 
650 4 |a Implementácia  |2 slo 
650 4 |a Model  |2 slo 
650 4 |a Implementation  |2 eng 
650 4 |a Model  |2 eng 
650 4 |a Database  |2 eng 
700 1 |a Juhás, Martin  |u 066000  |k Z1  |4 ths  |U MTF Materiálovotechnologická fakulta  |T MTF Ústav aplikovanej informatiky, automatizácie a mechatroniky  |X 2855  |U M6000  |Y 86  |7 A000002855 
856 4 |u http://is.stuba.sk/zp/portal_zp.pl?podrobnosti=166030 
996 |c M* BP-9435  |l MMSKP  |s P  |a 0  |w stuzp88920_0001